Logistics management for international business : (Record no. 37460)

MARC details
000 -LEADER
fixed length control field 00811nam a22002177a 4500
005 - DATE AND TIME OF LATEST TRANSACTION
control field 20100723162746.0
010 ## - LCCN (DPL NO)
LC control number ENG-96582
020 ## - INTERNATIONAL STANDARD BOOK NUMBER
International Standard Book Number 9788120337923
Terms of availability 325.00
035 ## - SYSTEM CONTROL NUMBER
System control number EN-80115
037 ## - SOURCE OF ACQUISITION
Source of stock number/acquisition DBAD/PUB
082 ## - DEWEY DECIMAL CLASSIFICATION NUMBER
Classification number 658.403
100 ## - MAIN ENTRY--PERSONAL NAME
Personal name Sudalaimuthu, S
245 ## - TITLE STATEMENT
Title Logistics management for international business :
Remainder of title text and cases /
Statement of responsibility, etc by S. Sudalaimuthu [and] S, Anthony Raj
260 ## - PUBLICATION, DISTRIBUTION, ETC. (IMPRINT)
Place of publication, distribution, etc New Delhi
Name of publisher, distributor, etc PHI Learning
Date of publication, distribution, etc 2009
270 ## - ADDRESS
Address M-97, Connaught Circus
City New Delhi
Postal code 110001
300 ## - PHYSICAL DESCRIPTION
Extent xx, 384p.:
Dimensions 24cm (pbk)
Other physical details ill.
500 ## - GENERAL NOTE
General note Includes index
700 ## - ADDED ENTRY--PERSONAL NAME
Personal name Anthony Raj, S.
9 (RLIN) 1085
942 ## - ADDED ENTRY ELEMENTS (KOHA)
Source of classification or shelving scheme Dewey Decimal Classification
Item type English Books
Classification part 658.403
Call number suffix SUD
Holdings
Withdrawn status Lost status Not for loan Collection code Home library Current library Date acquired Source of acquisition Cost, normal purchase price Full call number Barcode Copy number Cost, replacement price Koha item type
    Not For Loan Non-fiction D.B.Act.Division D.B.Act.Division 30/07/2010 DBAD/PUB 325.00 658.403 SUD EN-80115 1 325.00 English Books

© Delhi Public Library
Hit Counter
free hit counter